00546nam a22001577a 4500003000400000005001700004008004100021024003600062040005000098100003200148245005700180260003100237300002000268490006300288650003700351OSt20131204154518.0131009b xxu||||| |||| 00| 0 eng d 2Dipósit LegalaM.5.735.--1966 cCentre de documentació Montserrat Roigbcat aMelón Martínez, Enrique aAsí es la televisióncEnrique Melón Martínez c1966aMadrid [etc.]bRIALP a132 p.bil. b/n0 aLibros de Periodismo RIALP. aManuales y Libros Técnicos04aTelevisióxManuals, guies, etc